|
|
|
|
| LEADER |
02295cam a2200337Ia 4500 |
| 001 |
9780203996850 |
| 003 |
FlBoTFG |
| 005 |
20091230162920.0 |
| 006 |
a|||||s||||||||||| |
| 007 |
cr|||| |
| 008 |
010508s2002 enkab sb 001 0 eng d |
| 020 |
|
|
|a 9780203996850 (e-book : PDF)
|
| 040 |
|
|
|a FlBoTFG
|c FlBoTFG
|d GrThAP
|
| 043 |
|
|
|a e------
|a ff-----
|a aw-----
|
| 090 |
|
|
|a PA6003
|b .B73 2002
|
| 092 |
|
|
|a 870.9
|b B825
|
| 100 |
1 |
|
|a Braund, Susanna Morton.
|
| 245 |
1 |
0 |
|a Latin literature
|h [electronic resource] /
|c Susanna Morton Braund.
|
| 260 |
|
|
|a London ;
|a New York :
|b Routledge,
|c 2002.
|
| 300 |
|
|
|a xvi, 304 p. :
|b ill., map.
|
| 490 |
1 |
|
|a Classical foundations
|
| 504 |
|
|
|a Includes bibliographical references (p. 296-297) and index.
|
| 505 |
8 |
|
|a Machine generated contents note: List of illustrations vii -- About this book viii -- Acknowledgements xvi --1 Virgil and the meaning of the Aeneid 1 --2 Role models for Roman women and men in Livy 20 --3 What is Latin literature? 37 --4 What does studying Latin literature involve? 53 --5 Making Roman identity: multiculturalism, militarism and masculinity 70 --6 Performance and spectacle, life and death 89 --7 Intersections of power: praise, politics and patrons 110 --8 Annihilation and abjection: living death and living slavery 133 --9 Writing 'real' lives 152 --10 Introspection and individual identity 176 --11 Literary texture and intertextuality 190 --12 Metapoetics 207 --13 Allegory 225 --14 Overcoming an inferiority complex: the relationship with Greek literature 242 --15 Building Rome and building Roman literature 265 --Appendix A -- Extract from Darkness Visible by W.R.Johnson 275 --Appendix B -- Who's afraid of literary theory? by Simon Goldhill 277 --List of authors and texts 288 -- Time-line 294 -- List of translations used/adapted 296 -- Index of names and topics 298 -- Index ofpassages quoted 303.
|
| 530 |
|
|
|a Also available in print edition.
|b CRC Press (http://www.crcpress.com)
|
| 538 |
|
|
|a Mode of access: World Wide Web.
|
| 650 |
|
0 |
|a Latin literature
|x History and criticism.
|
| 651 |
|
0 |
|a Rome
|x In literature.
|
| 655 |
|
7 |
|a Electronic books.
|2 lcsh
|
| 776 |
1 |
|
|z 9780415195171
|
| 830 |
|
0 |
|a Classical foundations.
|
| 856 |
4 |
0 |
|u http://www.tandfebooks.com/isbn/9780203996850
|z Full Text via HEAL-Link
|